Panic At The Disco! Lyrics (Hard) - Statistics

General Stats
  • This quiz has been taken 292 times
  • The average score is 4 of 10
Answer Stats
Lyrics Answer % Correct
And I believe this may call for a proper introduction, and well don't you see, I'm the narrator, and this is just the _____ prologue
88%
The rooms have a hint of asbestos and maybe just a dash of _____, And the habit of decomposing right before your very (la, la, la, la) eyes. formaldehyde
63%
The anesthetic never set in and I'm wondering where the _____ and urgency is that I thought I phoned in. apathy
55%
And it's killing me inside, consuming all my time, you've left me _____, blind
50%
So he replies, “Then how do you manage?” I dodge the blast, and apologize for _____ damage collateral
50%
There's no good times, this impossible year, Just a _____ of bad blood, and a coast that's unclear beachfront
45%
When your chips are down, and your drinks are all gone I'll still be here, wishing and waiting for you to come home _____ eyes, sparkle at the world kaleidoscope
41%
And I'll even have the courtesy of admitting I was wrong as the final _____ before I'm dead and gone words
28%
Toast the fine folks _____ silver crumbs to us from the dock jinxed things ringing as they leak casting
15%
You became as clear as _____ my voice of reasoning I don't think I can take the way you make me out to be cellophane
14%
No matching quizzes found
Score Distribution
Percent of People with Each Score
Percentile by Number Answered
Your Score History
You have not taken this quiz